LEADER 04271 am 22007213u 450 001 9910130823403321 005 20230621141318.0 035 $a(CKB)3450000000002799 035 $a(SSID)ssj0000986162 035 $a(PQKBManifestationID)11527736 035 $a(PQKBTitleCode)TC0000986162 035 $a(PQKBWorkID)10934138 035 $a(PQKB)10052547 035 $a(OCoLC)808383275 035 $a(WaSeSS)Ind00074778 035 $a(oapen)https://directory.doabooks.org/handle/20.500.12854/34183 035 $a(EXLCZ)993450000000002799 100 $a20160829h20072007 uy 0 101 0 $ager 135 $aurmn#nnn||||| 181 $ctxt$2rdacontent 182 $cc$2rdamedia 183 $acr$2rdacarrier 200 10$aVideovernehmung kindlicher Zeugen $ezur Praxis des zeugenschutzgesetzes /$fMaike Scheumer 210 $cUniversitätsverlag Göttingen$d2007 210 1$aGo?ttingen, Germany :$cUniversitätsverlag Göttingen,$d2007. 210 4$d©2007 215 $a1 online resource (372 pages) $cillustrations (some colour) 225 1 $aGo?ttinger Studien zu den Kriminalwissenschaften,$x1864-2136 ;$vBand 2 311 08$aPrint version: 9783938616833 320 $aIncludes bibliographical references 330 $aThe author examines the practice of video interrogation for children witnesses. Starting point for their empirical investigation is the question of whether the law reform is not only meant well, but can be implemented practically. Here the author builds on the regulations of the 1998 established law for witness protection, to its feasibility in terms of the intended effective protection of victims, particularly the avoidance of so-called secondary victimization (trauma), experts from the federal state of Lower Saxony - prosecutors, police and courts - report by their own experiencees. In five selected district courts of Lower Saxony, the author has also conducted an extensive document analysis on the use of video testimony, and concluded that the video technology in criminal proceedings is used rarely. In specific reform proposals "de lege ferenda"also the recent regulations of the Law Reform Act of 2003 victims are included in the evaluative study. 330 $aDie Autorin beleuchtet die Praxis der Videovernehmung kindlicher Zeugen. Ausgangspunkt ihrer empirischen Untersuchung ist die Frage, ob die Gesetzesreform nicht nur gut gemeint ist, sondern auch praktisch umgesetzt werden kann. Hierbei knu?pft sie an die Regelungen des 1998 geschaffenen Zeugenschutzgesetzes an, zu dessen Umsetzbarkeit im Sinne eines vom Gesetzgeber intendierten effektiven Opferschutzes, insbesondere der Vermeidung der sog. sekunda?ren Viktimisierung (Traumatisierung), Experten aus Niedersachsen - Staatsanwaltschaft, Polizei und Gerichte - von ihren ersten Erfahrungen berichten. In fu?nf ausgewa?hlten niedersa?chsischen Landgerichtsbezirken hat die Autorin zudem eine umfangreiche Aktenanalyse zum Einsatz von Videovernehmung durchgefu?hrt und gelangt zu dem Ergebnis, dass die Videotechnologie im Strafverfahren so gut wie nicht eingesetzt wird. In konkreten Reformvorschla?gen de lege ferenda werden auch die neueren Regelungen des Opferrechtsreformgesetzes von 2003 wertend in die Untersuchung einbezogen. 410 0$aGo?ttinger Studien zu den Kriminalwissenschaften ;$vBd. 2. 606 $aCriminal procedure$zGermany 606 $aCriminal law$zGermany 606 $aChild witnesses 610 $achildren witnesses 610 $avideo interrogation 610 $atrial 610 $awitness protection 610 $aLower Saxony 610 $aBeschuldigter 610 $aErmittlungsverfahren 610 $aHauptverhandlung 610 $aPolizei 610 $aStaatsanwalt 610 $aStaatsanwaltschaft 610 $aStrafprozessordnung (Deutschland) 610 $aVernehmung 615 0$aCriminal procedure 615 0$aCriminal law 615 0$aChild witnesses. 676 $a345.43066083 676 $a345.43075083 700 $aScheumer$b Maike$0800877 801 0$bPQKB 801 2$bAuAdUSA 801 2$bUkMaJRU 906 $aBOOK 912 $a9910130823403321 996 $aVideovernehmung kindlicher Zeugen$92022995 997 $aUNINA LEADER 02004oam 2200517I 450 001 9910711928703321 005 20190502133632.0 035 $a(CKB)5470000002488807 035 $a(OCoLC)1023039622 035 $a(EXLCZ)995470000002488807 100 $a20180214d2014 ua 0 101 0 $aeng 135 $aurmn||||||||| 181 $ctxt$2rdacontent 182 $cc$2rdamedia 183 $acr$2rdacarrier 200 10$aSeismic profile analysis of sediment deposits in Brownlee and Hells Canyon Reservoirs near Cambridge, Idaho /$fby James Flocks, Kyle Kelso, Ryan Fosness, and Chris Welcker 210 1$aReston, Virginia :$cU.S. Department of the Interior, U.S. Geological Survey,$d2014. 215 $a1 online resource (v, 14 pages) $cillustrations (some color), maps (some color) 225 1 $aOpen-file report ;$v2014-1019 320 $aIncludes bibliographical references (page 14). 606 $aSedimentation and deposition$zHells Canyon Dam (Idaho and Or.) 606 $aSedimentation and deposition$zBrownlee Reservoir (Idaho and Or.) 606 $aSedimentation and deposition$2fast 607 $aBrownlee Dam (Idaho and Or.)$xEnvironmental aspects 607 $aHells Canyon Dam (Idaho and Or.)$xEnvironmental aspects 607 $aBrownlee Reservoir (Idaho and Or.)$xEnvironmental aspects 607 $aIdaho$2fast 615 0$aSedimentation and deposition 615 0$aSedimentation and deposition 615 7$aSedimentation and deposition. 700 $aFlocks$b James G$g(James Gerald),$01403298 702 $aKelso$b Kyle 702 $aFosness$b Ryan L. 702 $aWelcker$b Chris 712 02$aGeological Survey (U.S.), 801 0$bCOP 801 1$bCOP 801 2$bOCLCO 801 2$bOCLCF 801 2$bOCLCA 801 2$bGPO 906 $aBOOK 912 $a9910711928703321 996 $aSeismic profile analysis of sediment deposits in Brownlee and Hells Canyon Reservoirs near Cambridge, Idaho$93475650 997 $aUNINA LEADER 02903oam 2200661I 450 001 9910781261403321 005 20181122172242.0 010 $a0-429-92332-5 010 $a0-429-48432-1 010 $a1-283-07091-X 010 $a9786613070913 010 $a1-84940-716-9 035 $a(CKB)2550000000032382 035 $a(EBL)689860 035 $a(OCoLC)723944121 035 $a(SSID)ssj0000526250 035 $a(PQKBManifestationID)11327405 035 $a(PQKBTitleCode)TC0000526250 035 $a(PQKBWorkID)10520106 035 $a(PQKB)11575782 035 $a(MiAaPQ)EBC689860 035 $a(Au-PeEL)EBL689860 035 $a(CaPaEBR)ebr10464035 035 $a(CaONFJC)MIL307091 035 $a(OCoLC)1029241145 035 $a(FlBoTFG)9780429484322 035 $a(EXLCZ)992550000000032382 100 $a20181122h20182011 uy 0 101 0 $aeng 135 $aur||| ||||| 181 $ctxt 182 $cc 183 $acr 200 10$aTraumatic Reliving in History, Literature and Film /$fby Rudolph Binion 205 $aFirst edition. 210 1$aBoca Raton, FL :$cRoutledge,$d[2018]. 210 4$d©2011. 215 $a1 online resource (211 p.) 300 $aDescription based upon print version of record. 311 $a0-367-10658-2 311 $a1-85575-743-5 320 $aIncludes bibliographical references and index. 327 $aCover; Copy Right; FOREWORD; ABOUT THE AUTHOR; CHAPTER ONE: Reliving; CHAPTER TWO: Reliving with Freud; CHAPTER THREE: Reliving in history; CHAPTER FOUR: Reliving in history: A closeup; CHAPTER FIVE: Reliving in letters; CHAPTER SIX: Reliving on screen; CHAPTER SEVEN: Reliving: Who, when, why?; REFERENCES 330 3 $aTraumatic Reliving in History, Literature, and Film explores an intriguing facet of human behavior never yet examined in its own right - an individual or a group may contrive, unawares, to repeat a half-forgotten traumatic experience in disguise. Such reliving has shaped major careers and large-scale events throughout history. Insight into it is therefore vital for understanding historic causation past and present. Traumatic Reliving has also proliferated in literature since antiquity and lately in film as well, indicating its tacit acceptance as a piece of life by the reading and movie-going public. This book examines the evidence of history, literature, and film on how this irrational behavioral mechanism works. 606 $aPsychic trauma$xHistory 606 $aPsychohistory 608 $aElectronic books. 615 0$aPsychic trauma$xHistory. 615 0$aPsychohistory. 676 $a616.8521 676 $a791.43019 700 $aBinion$b Rudolph$01564239 801 0$bFlBoTFG 801 1$bFlBoTFG 906 $aBOOK 912 $a9910781261403321 996 $aTraumatic Reliving in History, Literature and Film$93833189 997 $aUNINA LEADER 02130nam0 22003851i 450 001 UON00482538 005 20231205105254.691 010 $a978-49-01-55886-0 100 $a20171109d2016 |0itac50 ba 101 $ajpn$aENG 102 $aJP 105 $a|||| 1|||| 200 1 $aUshinawareta 20-nen to nihon kenky? no korekara$dThe lost two decades and the future of Japanese Studies. Ushinawareta 20-nen to nihon shakai no hen'y?$dThe lost two decades and the transformation of Japanese society$eKaigai shinpojiumu 2015 nichibunken h?v?do$fEdited by Takii Kazuhiro 210 $aKy?to-shi$cKokusai Nihon Bunka Kenky? Sent?$d2015 215 $a276 p.$d26 cm 510 1$3UON00482539$aˆThe ‰lost two decades and the future of Japanese Studies 510 1$3UON00482540$aˆThe ‰lost two decades and the transformation of Japanese society 517 1$3UON00482541$aUshinawareta 20-nen to nihon shakai no hen'y? 517 1$3UON00482542$aOverseas symposium 2015 at Nichibunken & Harvard 606 $aGIAPPONE$xSTORIA SOCIALE$xSEC. XX$3UONC000338$2FI 606 $aGIAPPONE$xSTUDIO E INSEGNAMENTO$xCONGRESSI$3UONC091936$2FI 620 $aJP$dKy?to$3UONL000059 686 $aGIA GEN E IV$cGIAPPONE - CONGRESSI - STORIA$2A 702 0$aTAKII Kazuhiro$3UONV170554 712 02$aKokusai Nihon Bunka Kenkyu Senta$cKyoto$3UONV012948 712 $aKokusai Nihon Bunka Kenkyu Senta$3UONV248748$4650 791 02$aInternational Research Center for Japanese Studies $zKokusai Nihon Bunka Kenkyu Senta $3UONV201322 791 02$aInternational Center for Japanese Studies $zKokusai Nihon Bunka Kenkyu Senta $3UONV210400 791 02$aICJS$zKokusai Nihon Bunka Kenkyu Senta $3UONV210401 801 $aIT$bSOL$c20240220$gRICA 899 $aSIBA - SISTEMA BIBLIOTECARIO DI ATENEO$2UONSI 912 $aUON00482538 950 $aSIBA - SISTEMA BIBLIOTECARIO DI ATENEO$dSI GIA GEN E IV 009 $eSI 24072 7 009 996 $aUshinawareta 20-nen to nihon kenky? no korekara$91536838 997 $aUNIOR